000 00531naa a2200205 i 4500
001 66108
003 ES-MaBCM
005 20241016112758.0
008 000322s2000 gbr 000 0 eng d
021 _axx
035 _a(OCoLC)1365239451
040 _cES-MaBCM
041 0 _aeng
043 _agbr
245 0 0 _aBanking in Europe
_b: special
650 2 7 _aBanca
_957691
651 2 4 _aEuropa
_9115402
773 0 _aEn:
_tThe economist
_dLondon : 2000
_w104401
_gvol. 354, no. 8161, March, p. 90-92. - Loc. S.276
942 _cAREV
999 _c66108
_d66108